[Event "Chrudim op"]
[Site "Chrudim"]
[Date "2004.07.11"]
[Round "7"]
[White "Bures, Zbynek"]
[Black "Krys, Jaromir"]
[Result "0-1"]
[WhiteElo "1250"]
[BlackElo "1628"]
[PlyCount "68"]
[EventDate "2004.07.06"]
[EventType "swiss"]
[EventRounds "9"]
[EventCountry "CZE"]
[SourceTitle "EXT 2006"]
[Source "ChessBase"]
[SourceDate "2005.11.24"]
[SourceVersion "1"]
[SourceVersionDate "2005.11.24"]
[SourceQuality "1"]

1. e4 e5 2. Nf3 Nc6 3. Bb5 d6 4. c3 Bd7 5. 0-0 a6 6. Ba4 Nf6 7. d3 Be7 8. b4 b5 9. Bb3 0-0 10. Bg5 h6 11. Be3 Re8 12. a4 Bf8 13. Qc2 Be6 14. Nbd2 Bxb3 15. Nxb3 Qd7 16. d4 exd4 17. Nbxd4 Nxe4 18. axb5 Nxd4 19. Nxd4 Qc8 20. Ra2 axb5 21. Rxa8 Qxa8 22. Nxb5 Qc6 23. c4 d5 24. Na3 Bxb4 25. Nb1 Qxc4 26. Qa4 c6 27. Rc1 Qb5 28. Qa7 c5 29. Nd2 Nxd2 30. Qc7 Ne4 31. f3 Nc3 32. Rxc3 Bxc3 33. Kf2 Qb2+ 34. Kg3 Be5+ 0-1

[Event "Chrudim op"]
[Site "Chrudim"]
[Date "2004.07.08"]
[Round "3"]
[White "Bures, Zbynek"]
[Black "Pokorny, Jan"]
[Result "1/2-1/2"]
[WhiteElo "1250"]
[BlackElo "1774"]
[PlyCount "137"]
[EventDate "2004.07.06"]
[EventType "swiss"]
[EventRounds "9"]
[EventCountry "CZE"]
[SourceTitle "EXT 2006"]
[Source "ChessBase"]
[SourceDate "2005.11.24"]
[SourceVersion "1"]
[SourceVersionDate "2005.11.24"]
[SourceQuality "1"]

1. e4 e5 2. Nf3 Nc6 3. Bb5 a6 4. Ba4 Nf6 5. 0-0 b5 6. Bb3 Be7 7. Re1 0-0 8. d3 d6 9. c3 Na5 10. Bc2 c5 11. b4 cxb4 12. cxb4 Nc6 13. a3 Bb7 14. Nc3 Rc8 15. Bb3 Nxb4 16. axb4 Rxc3 17. Bb2 Rc8 18. Rc1 Qb6 19. Rf1 h6 20. Qe2 Nh7 21. d4 Ng5 22. d5 Kh8 23. Rxc8 Bxc8 24. Nxg5 Bxg5 25. g3 f5 26. Bc2 fxe4 27. Bxe4 Bd7 28. Kg2 a5 29. Bc3 a4 30. h4 Be7 31. Qh5 Be8 32. Bg6 Bxg6 33. Qxg6 Qb7 34. Rd1 Qc8 35. Rd3 Qc4 36. f4 Rf6 37. Qe8+ Bf8 38. Rf3 Qxd5 39. Qh5 g6 40. Qg4 Kh7 41. h5 g5 42. fxe5 dxe5 43. Kf2 Kg7 44. Rxf6 Kxf6 45. Qc8 Bxb4 46. Qh8+ Kf7 47. Qh7+ Ke8 48. Qh8+ Bf8 49. Bxe5 Qf7+ 50. Ke3 Kd7 51. Kd3 Bd6 52. Bxd6 Qd5+ 53. Kc3 Qxd6 54. Qh7+ Kc6 55. Qg6 b4+ 56. Kc4 b3 57. Qe8+ Kc7 58. Qf7+ Kb6 59. Qf2+ Ka5 60. Qf5+ Ka6 61. Qb5+ Ka7 62. Qxa4+ Qa6+ 63. Kxb3 Qxa4+ 64. Kxa4 Kb6 65. Kb4 Kc6 66. Kc4 Kd6 67. Kd4 Ke6 68. g4 Kd6 69. Ke4 1/2-1/2